Miasta, ale nie wojewódzkie - Statystyki

Ogólne statystyki
  • Ten quiz został rozwiązany 43 razy
  • Średni wynik to 16 z 20
Statystyki odpowiedzi
Województwo Ilość mieszkańców Odpowiedź % Poprawnych
pomorskie 244 969 Gdynia
100%
mazowieckie 209 296 Radom
97%
śląskie 177 049 Gliwice
92%
śląskie 170 924 Zabrze
90%
śląskie 217 530 Częstochowa
85%
małopolskie 107 498 Tarnów
85%
śląskie 163 255 Bytom
82%
śląskie 106 846 Chorzów
82%
warmińsko-mazurskie 118 582 Elbląg
79%
śląskie 197 586 Sosnowiec
79%
dolnośląskie 109 971 Wałbrzych
79%
mazowieckie 118 268 Płock
77%
zachodniopomorskie 106 235 Koszalin
74%
wielkopolskie 99 106 Kalisz
72%
śląskie 136 423 Ruda Śląska
72%
śląskie 126 871 Tychy
72%
śląskie 169 756 Bielsko Biała
67%
kujawsko-pomorskie 108 561 Włocławek
67%
śląskie 118 285 Dąbrowa Górnicza
62%
śląskie 137 128 Rybnik
59%
Nie znaleziono quizów pasujących do podanych kryteriów
Rozkład punktacji
Procent ludzi z każdym wynikiem
Percentyl według liczby udzielonych odpowiedzi
Twoja historia wyników
Nie rozwiązałeś tego quizu